The technology of food preservation

Сохранить в:
Библиографические подробности
Главные авторы: Desrosier, Norman W (Автор), Desrosier, James N (Автор)
Формат:
Язык:английский
Опубликовано: Westport Avi 1977
Редактирование:4a. ed
Предметы:
Метки: Добавить метку
Нет меток, Требуется 1-ая метка записи!

MARC

LEADER 00000nam a2200000 a 4500
001 UCU7272
003 CL-VaPUC
008 960628e19770000US |||||||||||||||||eng|d
082 0 4 |a 664.028  |b DES  |2 21 
100 0 |a Desrosier, Norman W  |e author  |9 365983 
700 0 |a Desrosier, James N  |e author  |9 365984 
245 1 4 |a The technology of food preservation 
250 |a 4a. ed 
300 |a 558 p 
942 |c BK 
945 |d 19960628 00:00:00  |a paguirre 
260 |a Westport  |b Avi  |c 1977 
650 7 |a TECNOLOGIA DE ALIMENTOS  |2 CL-VaPUC  |9 365985 
650 0 |a Conservación de los alimentos  |9 259337 
650 7 |a ELABORACION DE ALIMENTOS  |2 CL-VaPUC  |9 352336 
650 7 |a SACAROSA  |2 CL-VaPUC  |9 359081 
650 0 |a Fermentación  |9 259565 
583 |a last modification  |c 19960628 00:00:00  |k Rodrigo Vera 
999 |c 249945  |d 249943 
952 |0 0  |1 0  |4 0  |6 664_028000000000000_DES_1977  |7 0  |8 A  |9 267530  |a BIBING  |b BIBING  |d 2019-11-19  |i 1699601  |o 664.028 DES 1977  |p 1699601  |r 2025-01-20  |w 2019-11-19  |y BK  |k EIB 
952 |0 0  |1 0  |4 0  |6 664_028000000000000_DES_1977  |7 0  |8 A  |9 267531  |a BIBING  |b BIBING  |d 2019-11-19  |i 1699350  |o 664.028 DES 1977  |p 1699350  |r 2025-01-20  |w 2019-11-19  |y BK  |k EIB 
952 |0 0  |1 0  |4 0  |6 664_028000000000000_DES_1977  |7 0  |8 A  |9 267532  |a BIBING  |b BIBING  |d 2019-11-19  |i 1699857  |o 664.028 DES 1977  |p 1699857  |r 2025-01-20  |w 2019-11-19  |y BK  |k EIB